| 000 | 01835nam a22004817a 4500 | ||
|---|---|---|---|
| 001 | 000095651 | ||
| 003 | CHAP | ||
| 005 | 20220329143119.0 | ||
| 008 | 130109d2006 mx abd r 00110 spa d | ||
| 010 | _a92117 | ||
| 011 | _a93089 | ||
| 035 | _a103660 | ||
| 040 | _cCHAP | ||
| 090 | _aTesis | ||
| 100 | 1 |
_aRamírez Martínez, Vicenta. _994143 |
|
| 245 | 1 | 0 |
_aDiseño e implementación de una panadería artesanal con mujeres de Santa Rosa / _c/por Vicenta Ramírez Martínez y Adolfo Ramírez Ramírez. |
| 260 |
_aChapingo, Méx. : _bEl autor, _c2006. |
||
| 300 |
_a86 h. : _bilus. ; mapas ; cuadros. |
||
| 502 | _aTesis (Ing. en Agroecología ) -- UACH. Departamento de Agroecología | ||
| 590 |
_aALEPH _b10 _c20130110 _lUCH01 _h1511 |
||
| 590 |
_aBATCH-UPD _b10 _c20130110 _lUCH01 _h0446 |
||
| 590 |
_aBATCH-UPD _b10 _c20130410 _lUCH01 _h0122 |
||
| 590 |
_aBATCH-UPD _b10 _c20130914 _lUCH01 _h0413 |
||
| 590 |
_aBATCH-UPD _b10 _c20140324 _lUCH01 _h1456 |
||
| 590 |
_aBATCH-UPD _b10 _c20141002 _lUCH01 _h0830 |
||
| 590 |
_aCONVERSION _b10 _c20130109 _lUCH01 _h1351 |
||
| 590 |
_aE11695DGD _b10 _c20130531 _lUCH01 _h1053 |
||
| 590 |
_aE11695DGD _b10 _c20130531 _lUCH01 _h1124 |
||
| 590 |
_aE11695DGD _b10 _c20130531 _lUCH01 _h1124 |
||
| 650 | 1 | 4 |
_aArtes y oficios. _97751 |
| 650 | 1 | 4 |
_aDiseño industrial. _932732 |
| 650 | 1 | 4 |
_aIndustria panificadora. _957906 |
| 650 | 1 | 4 |
_aMujer en comunidades rurales _xVeracruz. _979384 |
| 650 | 1 | 4 |
_aTrabajo de la mujer. _9114490 |
| 700 | 1 |
_aRamírez Ramírez, Adolfo. _994198 |
|
| 856 |
_3Finding aid _uhttp://10.13.5.2/tesis/103660.pdf _zTeclea aquí |
||
| 901 | _aBK | ||
| 905 | _aMarco A. Mendoza T. | ||
| 942 | _cCD | ||
| 942 | _n0 | ||
| 949 |
_aTesis _bBC _cTES _d00000001036601 _eTS1 _gDonaciØn _h45095 _i103660 _sb |
||
| 949 |
_aTesis _bBC _cTES _d33724000997995 _eTS2 _fc.2 _gDonaciØn _h45096 _i103660 _sb |
||
| 999 |
_c92117 _d92117 |
||